[Event "YUG-ch"]
[Site "Tivat"]
[Date "1994.??.??"]
[Round "13"]
[White "Abramovic, Bosko"]
[Black "Ivanovic, Bozidar"]
[Result "0-1"]
[WhiteElo "2500"]
[BlackElo "2480"]
[Annotator "Hecht,H"]
[PlyCount "140"]
[EventDate "1994.03.??"]
[EventType "tourn"]
[EventRounds "13"]
[EventCountry "YUG"]
[EventCategory "10"]
[SourceTitle "CBM 043"]
[Source "ChessBase"]
[SourceDate "1994.12.01"]
[SourceVersion "1"]
[SourceVersionDate "1994.12.01"]
[SourceQuality "1"]

1. d4 d5 2. Nf3 Nf6 3. c4 c6 4. Qc2 g6 5. Bf4 Bg7 6. e3 O-O 7. Nc3 Na6 8. cxd5
Nb4 9. Qd2 Nbxd5 10. Be5 Qa5 11. Bc4 Nb6 12. Bb3 c5 13. O-O cxd4 14. exd4 Qb4
15. Qe2 a5 16. Nd2 Nbd7 17. Rac1 Bh6 18. Rfd1 Nxe5 19. dxe5 Nh5 20. e6 Bxe6 21.
Bxe6 fxe6 22. Qxe6+ Kh8 23. Rc2 Rad8 24. Nf3 Qxc3 25. bxc3 Rxd1+ 26. Ne1 Nf4
27. Qxe7 Rdd8 28. f3 Rfe8 29. Qh4 Rd1 30. Qxh6 Nd3 31. h4 Rdxe1+ 32. Kh2 R1e5
33. Qd2 (33. Rd2 Rh5 34. Qxh5 gxh5 35. Rxd3 $16) 33... Re3 34. Rb2 $2 (34. c4
$1 Ne1 35. Rc3 (35. Qd4+ Kg8 36. Rb2 $18) 35... Nxf3+ 36. gxf3 Re2+ 37. Qxe2
Rxe2+ 38. Kg3 Rxa2 39. Rb3 Rc2 40. Rxb7 Rxc4 $15) 34... Nxb2 35. Qxb2 R8e7 36.
Qb6 R3e5 37. Qd8+ $6 (37. c4 $1 Kg7 38. c5 R5e6 39. Qxa5 Rc6 40. Qd8 Rec7 41.
Qd4+ $10) 37... Kg7 38. Qd4 Kf7 39. Qc4+ R5e6 40. Qd5 b6 41. a4 Rc7 42. Qd4
Rec6 43. Qd5+ Ke7 44. Qe5+ Kd7 45. Qg7+ Kc8 46. Qf8+ Kb7 47. Qe8 Rxc3 48. h5
gxh5 49. Qxh5 R3c4 50. Qe8 Ka7 51. g3 Rg7 52. Kh3 Rc5 53. Qf8 Rh5+ 54. Kg2 Rhg5
55. g4 h5 56. Kg3 R5g6 57. Kg2 hxg4 58. f4 Rc7 59. f5 Rgg7 60. f6 Rgf7 61. Qd6
Rc8 62. Kg3 Rcf8 63. Kxg4 Rxf6 64. Qd7+ Kb8 65. Qg7 R8f7 66. Qg5 Rf1 67. Qe5+
Ka7 68. Kg3 Rg1+ 69. Kh2 Rg4 70. Qh5 Rfg7 0-1

[Event "Olympiad-31"]
[Site "Moscow"]
[Date "1994.12.11"]
[Round "10.2"]
[White "Urday Caceres, Henry"]
[Black "Yermolinsky, Alex"]
[Result "1/2-1/2"]
[WhiteElo "2470"]
[BlackElo "2590"]
[Annotator "Hecht,H"]
[PlyCount "160"]
[EventDate "1994.12.01"]
[EventType "team-swiss"]
[EventRounds "14"]
[EventCountry "RUS"]
[SourceTitle "CBM 045"]
[Source "ChessBase"]
[SourceDate "1995.04.01"]
[SourceVersion "1"]
[SourceVersionDate "1995.04.01"]
[SourceQuality "1"]
[WhiteTeam "Peru"]
[BlackTeam "US of America"]
[WhiteTeamCountry "PER"]
[BlackTeamCountry "USA"]

1. d4 Nf6 2. Nf3 g6 3. c4 Bg7 4. Nc3 d5 5. Bf4 O-O 6. e3 c5 7. dxc5 Qa5 8. Rc1
Rd8 9. Qa4 Qxc5 10. b4 Qc6 11. Qb3 Ne4 12. Be5 Bxe5 13. Nxe5 Qd6 14. Nxf7 Kxf7
15. Nxe4 dxe4 16. c5+ Be6 17. cxd6 Bxb3 18. dxe7 Kxe7 19. axb3 Nd7 20. Bb5 Rac8
21. Rxc8 Rxc8 22. Kd2 Nf6 23. Ra1 Rd8+ 24. Ke1 a6 25. Be2 Rc8 26. b5 axb5 27.
Bxb5 Kd6 28. Bc4 Rc5 29. Ra8 b5 30. Ra6+ Kd7 31. Rxf6 bxc4 32. bxc4 Ke7 33. Rf4
Rxc4 34. f3 $18 {This position with 4-2 pawns is won, but as we can see, you
need a good technique! The white R is passively posted.} Rc1+ (34... Ke6 35.
Rxe4+ Rxe4 36. fxe4 Ke5 37. Ke2 Kxe4 38. Kd2 $18) 35. Kd2 Rg1 36. Rxe4+ Kf6 37.
Rf4+ Ke5 38. Rg4 Ra1 39. Ke2 Ra2+ 40. Kf1 Ra1+ 41. Kf2 Ra2+ 42. Kg3 Re2 43.
Re4+ (43. Rg5+ Kf6 44. Kf4 h6 45. Rg3 g5+ 46. Ke4 h5 {Gewinn trotz passiver
T-Pos.? Analyse!}) (43. e4 Kf6 44. h4 h6 45. Rf4+ Ke7 46. Kh3 h5 47. g4 $18)
43... Kf6 44. h4 h5 45. f4 (45. Rf4+ Ke7 46. e4 Re1 47. Kf2 Rh1 48. e5 $18)
45... Re1 46. Re5 (46. Kf2 Rh1 47. g3 Ra1 48. Rb4 Ra2+ 49. Kf3 Ra3 50. Ke4 Ra6
51. Rb3 Ra4+ 52. Kf3 Kf5 53. e4+ Kf6 54. Re3 Ra1 55. g4 hxg4+ 56. Kxg4 Rg1+ 57.
Rg3 Re1 58. e5+ Kg7 59. h5 $18) 46... Rh1 47. Rg5 Ra1 48. e4 Rf1 49. Ra5 Re1
50. Ra6+ Kg7 51. Kf3 Rh1 52. Kg3 (52. g3 Rf1+ 53. Ke2 Rg1 54. Kf2 Rb1 55. Ra3
Kf6 56. Kf3 Rf1+ 57. Kg2 Re1 58. Kf3 Rf1+ 59. Ke2 Rg1 60. Kf2 Rb1 61. Re3 Ke6
62. Kf3 Rf1+ 63. Kg2 Ra1 $13) 52... Rb1 53. Ra5 Rb3+ 54. Kh2 Rb4 55. Re5 Kf6
56. g3 Ra4 57. Kg2 Ra2+ 58. Kf3 Ra3+ 59. Kf2 Ra2+ 60. Ke3 Ra3+ 61. Kd4 Rxg3 62.
f5 gxf5 63. Rxf5+ Kg6 64. Ke5 Rg1 65. Rf3 Rg2 66. Rf4 Rg1 67. Kd4 Ra1 68. e5
Ra4+ 69. Ke3 Ra3+ 70. Kf2 Ra2+ 71. Ke3 Ra3+ 72. Kd2 Ra2+ 73. Kc3 Ra3+ 74. Kb4
Re3 75. Rf6+ Kg7 76. Rf5 Kg6 77. Rg5+ Kf7 78. Kc5 Re1 79. Rxh5 Ke6 80. Kd4 Rd1+
1/2-1/2

[Event "Horgen CS"]
[Site "Horgen"]
[Date "1994.??.??"]
[Round "5"]
[White "Jussupow, Artur"]
[Black "Gavrikov, Viktor"]
[Result "1-0"]
[WhiteElo "2655"]
[BlackElo "2600"]
[Annotator "Jussupow,A"]
[PlyCount "67"]
[EventDate "1994.09.??"]
[EventType "tourn"]
[EventRounds "11"]
[EventCountry "SUI"]
[EventCategory "16"]
[SourceTitle "CBM 043"]
[Source "ChessBase"]
[SourceDate "1994.12.01"]
[SourceVersion "1"]
[SourceVersionDate "1994.12.01"]
[SourceQuality "1"]

1. d4 {Ftacnik Dvoretzky} Nf6 2. c4 g6 3. Nc3 d5 4. Bf4 Bg7 5. Rc1 O-O 6. Nf3
c6 7. e3 Be6 8. Ng5 Bf5 9. Be2 (9. h3 {Ftacnik} h6 10. Nf3 Qb6 11. Qd2 Nbd7 12.
cxd5 Nxd5 13. e4 Nxc3 14. exf5 Ne4 15. Qe3 Qb4+ 16. Kd1 gxf5 $13 {Van Wely,
L-Mohr,S/Amsterdam OHRA-B/1989/0.5 (30)}) 9... Qb6 10. Qd2 $5 $146 h6 (10...
Nbd7 11. cxd5 $14 cxd5 12. g4 $5 {Ftacnik}) 11. Nf3 Ne4 (11... Nbd7 12. cxd5
$14) 12. Nxe4 Bxe4 (12... dxe4 13. Ne5 (13. c5 Qd8 14. Ne5 Nd7 15. Bc4 Nxe5 16.
Bxe5 Bxe5 17. dxe5 Qc7 $1 (17... Qxd2+ 18. Kxd2 Rad8+ 19. Kc3 $16) 18. Qc3 b5
$5 19. cxb6 axb6 20. b4 $14 (20. Bb3 $14)) 13... c5 14. dxc5 Qxc5 15. b4 Qc7
16. Nxg6 e5 17. Nh4 Be6 18. Bg3 Nc6 (18... Rd8) 19. O-O f5 20. f4 Rad8 21. Qe1
$16) 13. O-O (13. c5 Qd8 14. Qb4 b6 (14... Qc8 $10 {Gavrikov}) 15. cxb6 axb6
16. Bxb8 c5 $36) 13... Nd7 14. Rfd1 $1 $14 (14. c5 Qd8 15. Qb4 Bxf3 (15... Qc8)
16. Bxf3 e5 17. dxe5 Nxe5 18. Bxe5 Bxe5 19. Qxb7 Qf6 $44) (14. cxd5 Bxd5 15. e4
Bxe4 16. Bxh6 Bxf3 17. Bxf3 Bxh6 18. Qxh6 Nf6 19. Rfd1 Rad8 $132 {><d4,b2})
14... dxc4 (14... a5 15. cxd5 Bxd5 16. e4 Bxe4 17. Bxh6 Bxf3 18. Bxf3 Bxh6 19.
Qxh6 Qxb2 (19... Nf6 20. h4 $40) 20. h4 (20. Rb1) 20... Qxa2 21. h5 Qe6 22. d5
Qf6 23. hxg6 $14 fxg6 $6 24. dxc6 Ne5 25. cxb7 Rab8 26. Rc7 Nxf3+ 27. gxf3 $16
{/\Rdd7}) (14... Bxf3 15. Bxf3 dxc4 16. Rxc4 e5 17. Bg3 exd4 18. exd4 {/\Rb4}
a5 19. d5 $36) (14... Rfe8 {Ftacnik} 15. cxd5 $14) 15. Bxc4 Bxf3 16. gxf3 a5 (
16... e5 17. dxe5 Nxe5 18. Bxe5 Bxe5 19. Qc2 (19. f4 {Ftacnik} Bxb2 20. Rb1
Rad8 21. Qc2 Rxd1+ 22. Rxd1 Bg7 23. Qxg6 $16) 19... Kg7 20. Rd7 Qxb2 (20...
Rad8 21. Rcd1 Rxd7 22. Rxd7 Bxb2 23. Bb3 $16 {/\Qc4}) 21. Qxb2 Bxb2 22. Rc2 $1
(22. Rb1 $2 b5 $1) 22... Ba1 (22... b5 23. Bb3 $16) 23. Rxb7 a5 24. Rd2 Rab8
25. Ra7 Ra8 26. Rdd7 Rxa7 27. Rxa7 Bc3 28. h4 $16 g5 $140 29. h5) (16... Rad8
$142 17. Qc2 (17. e4 g5 18. Be3 Ne5 19. Be2 Ng6 20. d5 $14) 17... Kh7 18. Kh1
e5 (18... e6) 19. dxe5 Nxe5 20. Bxe5 Bxe5 21. f4 $14) 17. Qc2 (17. e4 $5 Kh7 (
17... g5 18. Bxg5 $5 $40) 18. Be3 Qb4 19. Qe2 e5 20. d5 $5 $16 (20. dxe5 Nxe5
21. Bb3 Qe7 22. f4 Nd7 23. e5 $16)) 17... e6 18. Kh1 Rfd8 19. Rg1 {/\Be6} Nf8 {
/\a4, Ra5} (19... Rac8 $2 {Ftacnik} 20. Bxe6 g5 21. Bc4 gxf4 22. Qg6 $1 $18)
20. Bb3 $5 Qb5 {/\a4} 21. a4 Qb4 {/\22...c5 23.dc Rb2} 22. Rg4 $1 Rac8 (22...
c5 23. Bc7 h5 24. Re4 cxd4 25. Bxd8 Rxd8 26. Rd1 $16) (22... Rd7 $5 23. Bg3 Qe7
$14) 23. Bg3 Qb6 (23... h5 24. Re4 (24. Rg5 c5 25. Rxc5 Rxc5 26. dxc5 Rd2 $13)
24... Qb6 (24... c5 25. d5 (25. dxc5 Qd2 26. Rc4 Bxb2 $13) 25... c4 26. Rxc4
Rxc4 27. Qxc4 Qxc4 28. Bxc4 $14) 25. Be5 $14) 24. h4 h5 25. Rg5 Bf6 (25... c5
26. Rxc5 Rxc5 27. dxc5 Qb4 28. Qc4 Qxc4 (28... Bxb2 29. Qxb4 axb4 30. Rc4 $16)
29. Rxc4 Bxb2 30. c6 bxc6 31. Rxc6 $16) (25... Bh6 {Ftacnik} 26. Re5 Rxd4 $6
27. Bxe6 (27. Rxh5 gxh5 28. Rg1 Bg7 29. exd4 Qxd4 $17) 27... Nxe6 28. Rxe6 Rdd8
29. Rxg6+ fxg6 30. Qxg6+ Bg7 31. Be5 Rc7 32. Rg1 Rdd7 33. Qe8+ Kh7 34. Rg5 $18)
26. Rc5 Be7 $2 (26... Rd7 $142 $14) 27. Rxh5 $3 gxh5 (27... c5 $142 28. Be5 (
28. Rxc5 Bxc5 29. dxc5 Qc6 30. Kg2 b6) (28. dxc5 Qc6) 28... f6 29. Rg1 cxd4 (
29... fxe5 30. Rxg6+ Kf7 31. Qf5+ Ke8 32. Bxe6 Nxe6 33. Rxe6 $18) 30. Bxd4 (30.
Qf5 Qxb3 31. Rxg6+ Kf7 32. Rxf6+ Bxf6 33. Qxf6+ Ke8) 30... Rxc2 (30... Rxd4 31.
Qxc8 Qxb3 32. Qe8 $18) 31. Bxb6 $16) 28. Rg1 {/\Bc7} Ng6 (28... Kh8 29. Be5+ f6
30. Bxe6 {/\Rg8} Nxe6 31. Qg6 $16 (31. Qg6 $18) 31... Ng5 32. Rxg5 fxe5 33.
Rxh5#) 29. Bxe6 $1 $18 Kh7 (29... fxe6 30. Qxg6+ Kf8 31. Bc7 $18 (31. Bd6 {
Ftacnik} Bxd6 32. Qf6+ Ke8 33. Qxe6+ Be7 34. Rg8#)) (29... Kg7 30. Be5+ $18) (
29... Kf8 30. Qf5 $18 Nh8 31. Be5 $18) 30. Qf5 Rg8 (30... fxe6 31. Qf7+ Kh6 32.
Bf4+ $18) (30... Rf8 {Ftacnik} 31. Be5 $18) 31. Be5 Kh6 32. Bf4+ (32. Bxf7 {
Ftacnik} c5 33. Rg5 $1 Nxe5 (33... Bxg5 34. Qxg5+ Kh7 35. Qxh5#) 34. Rxh5+ Kg7
35. Rh7+ Kf8 36. Bxg8+ Kxg8 37. Rxe7 $18) 32... Kh7 (32... Kg7 33. Qxf7+ Kh8
34. Be5+ Nxe5 35. Qxh5#) (32... Nxf4 {Ftacnik} 33. Qxf4+ Kh7 34. Qxf7+ Kh6 35.
Qf4+ Kh7 36. Bf5+ Rg6 37. Bxg6+ $18) 33. Qxh5+ Kg7 34. Bh6+ (34. Bh6+ {Ftacnik}
Kf6 (34... Kh7 35. Bf8#) 35. Qf5#) 1-0

[Event "YUG-ch"]
[Site "Novi Sad"]
[Date "1995.??.??"]
[Round "?"]
[White "Drasko, Milan"]
[Black "Tosic, Miroslav"]
[Result "1/2-1/2"]
[WhiteElo "2510"]
[BlackElo "2420"]
[Annotator "King,D"]
[PlyCount "85"]
[EventDate "1995.02.??"]
[EventType "tourn"]
[EventRounds "17"]
[EventCountry "YUG"]
[EventCategory "10"]
[SourceTitle "CBM 049"]
[Source "ChessBase"]
[SourceDate "1995.12.01"]
[SourceVersion "1"]
[SourceVersionDate "1995.12.01"]
[SourceQuality "1"]

1. d4 d5 2. c4 c6 3. Nf3 Nf6 4. Qc2 g6 5. Bf4 Bg7 6. e3 O-O 7. Nc3 Qa5 8. Be2
dxc4 9. Bxc4 b5 10. Bb3 c5 11. dxc5 Bf5 12. Qe2 Ne4 13. O-O Nxc3 14. bxc3 Na6
15. Nd4 Be4 16. f3 e5 17. fxe4 exf4 18. Bd5 Rae8 19. Nxb5 Nxc5 20. exf4 Na4 21.
Bb3 Nc5 22. e5 Rb8 23. Bc4 Na4 24. Rac1 Rxb5 25. Bxb5 Nxc3 26. Rxc3 Qxc3 27.
Rd1 Bh6 28. g3 Rb8 29. Bc4 Bf8 30. Bb3 Qc6 31. Qg2 Qc7 32. Qd5 Kg7 33. Kg2 h5 {
I'm not sure I understand this game. Why doesn't White open up Black's king?
There would be no defence to White's attack after  34 e6; the light squares
cannot be defended.} 34. Qd7 (34. e6 $1 fxe6 (34... f6 35. Qd7+) 35. Qxe6)
34... Rb7 35. Qxc7 Rxc7 36. Kf3 Bc5 37. Rc1 {Why does White wish to exchange
rooks? He still has excellent winning chances in this position.} (37. Ke4 {
With the idea 38 f5, is reasonable, for instance.}) 37... Kf8 38. Ke4 Ke7 39.
h3 Bb6 40. Rxc7+ Bxc7 41. g4 hxg4 42. hxg4 f6 43. e6 1/2-1/2

[Event "EU-chT (Men) 19th"]
[Site "Warsaw"]
[Date "2013.11.15"]
[Round "7.3"]
[White "Moiseenko, Alexander"]
[Black "Kovalev, Vladislav"]
[Result "1-0"]
[WhiteElo "2709"]
[BlackElo "2583"]
[Annotator "Krasenkow,M"]
[PlyCount "103"]
[EventDate "2013.11.08"]
[EventType "team-swiss"]
[EventRounds "9"]
[EventCountry "POL"]
[SourceTitle "CBM 158"]
[Source "ChessBase"]
[SourceDate "2014.01.16"]
[SourceVersion "1"]
[SourceVersionDate "2014.01.16"]
[SourceQuality "1"]
[WhiteTeam "Ukraine"]
[BlackTeam "Belarus"]
[WhiteTeamCountry "UKR"]
[BlackTeamCountry "BLR"]

1. d4 Nf6 2. c4 g6 3. Nc3 d5 4. Bf4 Bg7 5. e3 O-O 6. Nf3 c5 7. dxc5 Ne4 8. Rc1
Nxc3 9. bxc3 dxc4 {This line leads to simplifications; however, Black has
still to work a while to equalise the game due to White's development
advantage.} 10. Qxd8 Rxd8 11. Bxc4 Nd7 12. Rd1 {This continuation has become
popular in recent years. White prefers to give up the c3-pawn instead of the
c5-pawn in the main line} (12. Bc7 Rf8 13. c6) 12... Rf8 13. Bg5 $1 Bxc3+ ({
Perhaps it is better to turn down the gift:} 13... Nf6 $5 14. Nd4 (14. O-O Bg4)
14... Rd8 15. O-O Bd7 16. Nb3 Ba4 17. Rd4 b5 18. cxb6 axb6 19. Rxd8+ Rxd8 20.
Be2 Kf8 21. Bxf6 Bxf6 22. Rc1 Ra8 $44 {1/2 (28) Baranowski,T (2289)-Laghetti,G
(2396) Lechenicher SchachServer 2010 This may be the direction of further
analyses in the 12.Rd1 line.}) 14. Ke2 Bf6 15. Bxf6 exf6 $1 ({After} 15... Nxf6
{White's c5-pawn becomes dangerous:} 16. Ne5 $1 (16. Rd4 Bg4 17. Rb1 Rab8 18.
h3 Bxf3+ 19. Kxf3 Rfc8 20. Rb5 Rc7 21. Bd3 Rbc8 22. Be4 a6 23. Rb3 Nxe4 24.
Rxe4 e6 $11 {1/2 (28) Harika,D (2520)-Delchev,A (2629) Cappelle la Grande 2011}
) (16. Rb1 Ne4 17. Rhc1 Nxc5 18. Bxf7+ Rxf7 19. Rxc5 b6 20. Rc7 Bg4 $11 {
1/2 (24) Portisch,F (2425)-Banas,J (2375) Trnava 1981}) 16... Bf5 (16... Ne4
17. Rc1 Kg7 (17... b6 18. c6 $5 $36 {[%csl Gc6]} (18. cxb6 axb6 19. Bd5 Ra4 20.
Rhd1 Ba6+ 21. Ke1 Nc5 $13 {1-0 (33) Inkiov,V (2500)-Filipovic,B (2335) Banja
Luka 1983})) 18. Bd5 Ng5 {1/2 (32) Lukacs,P (2420)-Swic,W (2365) Lodz 1979} 19.
h4 Ne6 20. c6 bxc6 21. Nxc6 $36) 17. c6 $5 (17. f3 Rac8 18. Rc1 Rc7 (18... Kg7
19. c6 bxc6 20. g4 Nd7 21. Nxf7 $1 Nb6 22. Bb3 Bd7 23. Ne5 $16 {1-0 (34)
Lehnert,R-Santurbano,M IECG 2004}) 19. g4 (19. e4 Bc8 20. Rc2 Kg7 21. Bb3 Nd7
22. Nd3 Nb8 23. Nb4 {1/2 (23) Farago,I (2510)-Jansa,V (2495) Polanica Zdroj
1979}) 19... Bc8 20. g5 Nd7 21. Nd3 Kg7 22. Bb3 Nb8 23. h4 Bf5 $11 {1-0 (44)
Mikhalevski,A (2324)-Britten,D (2482) Chessfriend.com 2003}) 17... bxc6 18.
Nxc6 Rfe8 19. Rc1 $5 (19. Ne5 Kg7 $1 (19... Rf8 20. f3 Rac8 21. Rc1 Kg7 22. e4
Nd7 23. Nd3 Nb6 24. Ba6 Rxc1 25. Rxc1 Be6 26. Rc7 Bxa2 27. Rxe7 $16 {1-0 (50)
Rusev,K (2516)-Delchev,A (2622) Panagyurishte 2012}) 20. Bxf7 Rec8 21. Bb3 Ne4
22. Kf3 Nc3 $44) 19... Be4 20. Ne5 e6 21. f3 Bd5 22. Ba6 (22. e4 Bxc4+ 23. Rxc4
Rac8 24. Rhc1 Rxc4 25. Rxc4 Re7 26. Ke3 Rb7 {1/2 (26) Stadler,P (1749)-Krueger,
H (2181) LSS 2008}) 22... Rab8 23. Rc2 Bb7 24. Bxb7 Rxb7 25. Rhc1 Kg7 26. e4
$14 {_|_: 1/2 (26) Rohde,W (2508)-Toro,G (2556) ICCF 1999}) 16. Rd5 f5 (16...
Re8 17. Rc1 $1 (17. Rb1 Re7 18. Nd4 Ne5 19. Bb5 Bg4+ 20. f3 Be6 21. Nxe6 fxe6
22. Rd6 {1/2 (22) Drozdovskij,Y (2625)-Howell,D (2597) Hastings 2010}) 17...
Kg7 18. Nd4 Nf8 19. Nb5 Re7 20. Nd6 Be6 21. Rd2 Rc7 22. Bb3 Bxb3 23. axb3 Ne6
24. b4 a6 25. Rcd1 Rb8 26. Nc4 {[%cal Yd2d7]} a5 $5 27. Nxa5 b6 28. cxb6 Rxb6
29. Rb2 $16 {1-0 (45) Moiseenko,A (2709)-Howell,D (2644) Warsaw POL 2013}) 17.
Rc1 {[%mdl 32] Safely protecting the c5-pawn; however, it is a bit too passive.
} (17. Ne5 Nxe5 18. Rxe5 Bd7 19. Bd5 {is not dangerous, either, due to} Bb5+
20. Kf3 Rac8 $1 21. Rb1 (21. Bxb7 Rc7 22. Bd5 Kg7 {[%csl Re5]}) 21... Rfe8 $1
22. Rxe8+ Bxe8 23. Rxb7 Rxc5 $11) (17. h4 $5 {may be a better try.}) 17... Nf6
$6 {Premature.} (17... Kg7 $142 $1 {[%cal Yf8e8,Yd7f6]} 18. Nd4 (18. a4 Re8 $1
19. a5 a6 {[%cal Yd7f6,Yc8d7]}) 18... Nf6 19. Re5 Nd7 20. Rd5 Nf6 21. Re5 Nd7 {
1/2 (21) D'Costa,L (2428)-Wagener,C (2249) Neustadt an der Weinstrasse 2012})
18. Rd4 Bd7 (18... Re8 19. Ng5 $1) 19. Ne5 {That's the drawback of the early
development of the bishop - it has no good place to which to retreat.} Be8 (
19... Be6 20. Bxe6 fxe6 21. Rd6 $16) 20. f3 $2 {Not energetic enough.} (20. Rb1
$142 Rb8 (20... Ne4 21. Rxb7 Nxc5 22. Rc7 Ne4 23. Nd7 $18) (20... Rc8 21. Rxb7
Rxc5 22. Nd3 Ra5 23. Rd8 $16) 21. f3 $16) 20... Rc8 21. Kd2 Kg7 22. Bb3 Rc7 {
Black has consolidated his position; however, in the subsequent struggle the
European champion outplays his less experienced opponent.} 23. h3 Bb5 24. a4
Ba6 25. g4 Rfc8 $2 (25... Re7 $1 26. Nxf7 $1 Rfxf7 27. Bxf7 Kxf7 $13) 26. g5
Ng8 {[%csl Rg8]} 27. Rd6 f6 28. Bxg8 fxe5 29. Be6 Re8 30. c6 (30. Bd7 $5 Re7
31. Bb5) 30... Ree7 31. f4 exf4 32. exf4 Rxc6 33. Rcxc6 bxc6 34. Rxc6 {[%mdl
4096]} Bb7 35. Rd6 h6 {This move is forced sooner or later; however, the
weakness on g6 now paralyses Black's king. In fact, White's king becomes an
extra piece, which decides the game.} 36. h4 hxg5 37. hxg5 Kf8 38. a5 Bf3 39.
Kd3 Rb7 40. Bc4 Bh5 41. Kd4 Rb4 42. Kc5 Rb2 (42... Rb7 43. a6 Rc7+ 44. Rc6
Rxc6+ 45. Kxc6 Ke7 46. Kb7 Kd6 47. Kxa7 Kc7 48. Bf7 $22) 43. Rf6+ Ke8 44. Kd6
Rd2+ 45. Ke5 Rc2 46. Bb5+ Ke7 (46... Kd8 47. Rf7) 47. Re6+ Kf7 48. Be8+ Kg7 49.
Re7+ Kh8 50. Kf6 Rc8 51. Bf7 Rf8 52. Re8 1-0